| 000 | 00704nam a2200241 i 4500 | ||
|---|---|---|---|
| 001 | 106087 | ||
| 003 | ES-MaACL | ||
| 007 | t| | ||
| 008 | 060925s1968 fr ||||1| fre d | ||
| 080 | _a329(44)P.C.F. | ||
| 080 | _a330.85(44) | ||
| 100 | 1 |
_aKriegel, Annie. _968843 |
|
| 245 | 1 | 4 |
_aLes communistes français _b: essai d'ethnographie politique / _cAnnie Kriegel. |
| 260 |
_a[Paris] : _bSeuil, _c[1968] |
||
| 300 |
_a318 p. ; _c18 cm. |
||
| 490 | 1 | _aPolitique | |
| 500 | _aBiblioteca Juan Andrade. | ||
| 610 | 2 | 7 |
_aParti communiste français. _96125 |
| 650 | 1 | 4 |
_aComunismo- _zFrancia. _911221 |
| 830 | 0 |
_aPolitique _9185149 |
|
| 852 |
_aES-MaACL _jAND-813 _bR.110105 |
||
| 999 |
_c106087 _d106087 |
||